Law and economics
Furkejuvvon:
| Váldodahkkit: | , |
|---|---|
| Materiálatiipa: | Girji |
| Giella: | eaŋgalasgiella |
| Almmustuhtton: |
Boston
Pearson Education
2004
|
| Preanttus: | 4a. ed |
| Ráidu: | The Addison-Wesley Series in Economics
|
| Fáttát: | |
| Fáddágilkorat: |
Lasit fáddágilkoriid
Eai fáddágilkorat, Lasit vuosttaš fáddágilkora!
|
MARC
| LEADER | 00000nam a2200000 a 4500 | ||
|---|---|---|---|
| 001 | UCL9369 | ||
| 003 | CL-VaPUC | ||
| 008 | 040806e20040000US |||||||||||||||||eng|d | ||
| 020 | |a 0201770253 | ||
| 082 | 0 | 4 | |a 340.11 |b COO |2 21 |
| 100 | 0 | |a Cooter, Robert |e author |9 487149 | |
| 700 | 0 | |a Ulen, Thomas |e author |9 487150 | |
| 245 | 1 | 0 | |a Law and economics |
| 250 | |a 4a. ed | ||
| 300 | |a 533 p | ||
| 942 | |c BK | ||
| 945 | |d 20040806 00:00:00 |a cmena | ||
| 260 | |a Boston |b Pearson Education |c 2004 | ||
| 650 | 7 | |a DERECHO Y ECONOMIA |2 CL-VaPUC |9 255885 | |
| 650 | 0 | |a Filosofía del derecho |9 255050 | |
| 650 | 0 | |a Teoría del derecho |9 255982 | |
| 650 | 0 | |a Economía |9 255568 | |
| 650 | 0 | |a Derecho contractual |9 373875 | |
| 583 | |a last modification |c 20040806 00:00:00 |k Rodrigo Vera | ||
| 490 | 0 | |a The Addison-Wesley Series in Economics | |
| 999 | |c 310164 |d 310162 | ||
| 952 | |0 0 |1 0 |4 0 |6 340_110000000000000_COO_2004 |7 0 |8 A |9 378377 |a BIBDER |b BIBDER |d 2019-11-21 |i 4042824 |o 340.11 COO 2004 |p 4042824 |r 2023-01-25 |w 2019-11-21 |y BK |k DER | ||